000 00629nam a22001937a 4500
005 20251108172824.0
008 250721s2002 xx 000 0 ara d
082 1 4 _a738/ بدر
100 1 _aالبدري، علي حيدر صالح
245 1 0 _aالتقنيات العلمية لفن الخزف : التزجيج والتلوين /
264 1 _aبغداد :
_bمطبعة اوفسيت الوفاء،
_c2002.
300 _aج2-3.
650 1 7 _aالفنوت التشكيليه
650 1 7 _aالفنون الخزفيه
650 1 7 _aصناعة الفخار
650 1 7 _aالخزف
942 _2ddc
_cBK
999 _c89348
_d89348